000 00521nam a22001697a 4500
003 UA-OsUOA
001 18210
007 ta
008 20040423b un ||||| |||| 00| 0 ukr d
942 _cSA
040 _aUA-OsUOA
_cUA-OsUOA
_dUA-OsUOA
245 _a"Французька весна" в Україні почалася з Рівного
300 _aС.6
955 _a0
773 0 _w0
_tНова Волинь
_dРівне
_d2004
_g№148 квіт./
650 7 _aДні французької культури
_2UDC
999 _c304380
_d304380